[Event "ESP-ch U14"]
[Site "Salobrena"]
[Date "2024.07.15"]
[Round "2"]
[White "Bejar Dyagilev, Nikolay"]
[Black "Revuelta Blanco, Daniel"]
[Result "0-1"]
[WhiteElo "1771"]
[BlackElo "1920"]
[PlyCount "52"]
[EventDate "2024.07.15"]
[EventType "swiss"]
[EventRounds "9"]
[EventCountry "ESP"]
[SourceTitle "EXT 2025"]
[Source "ChessBase"]
[SourceDate "2024.10.14"]
[SourceVersion "1"]
[SourceVersionDate "2024.10.14"]
[SourceQuality "1"]

1. e4 c5 2. Nc3 Nc6 3. g3 g6 4. Bg2 Bg7 5. d3 d6 6. Be3 Rb8 7. Nge2 b5 8. Qd2 b4 9. Nd1 e6 10. 0-0 Nge7 11. h3 0-0 12. f4 Nd4 13. c3 Nxe2+ 14. Qxe2 bxc3 15. Nxc3 Qa5 16. Rac1 Ba6 17. g4 f5 18. exf5 exf5 19. Rc2 Rfe8 20. Bd2 Nc6 21. Bd5+ Kh8 22. Qg2 Nd4 23. Ne4 Qc7 24. Ng5 Re7 25. gxf5 gxf5 26. Qg3 Ne2+ 0-1

[Event "Llinars del Valles op 4th"]
[Site "Llinars del Valles"]
[Date "2024.06.29"]
[Round "5"]
[White "Bejar Dyagilev, Nikolay"]
[Black "Escribano Rodriguez, Pedro"]
[Result "0-1"]
[WhiteElo "1740"]
[BlackElo "1892"]
[PlyCount "106"]
[EventDate "2024.06.25"]
[EventType "swiss"]
[EventRounds "9"]
[EventCountry "ESP"]
[SourceTitle "CBM 221 Extra"]
[Source "ChessBase"]
[SourceDate "2024.09.30"]
[SourceVersion "1"]
[SourceVersionDate "2024.09.30"]
[SourceQuality "1"]

1. e4 e5 2. Nc3 Nc6 3. g3 Nf6 4. Bg2 Bc5 5. d3 d6 6. Nge2 a6 7. h3 Be6 8. 0-0 Qd7 9. Kh2 Ng8 10. f4 f6 11. a3 Ba7 12. b4 Nd4 13. Bb2 Ne7 14. a4 0-0 15. Nb1 Nxe2 16. Qxe2 exf4 17. gxf4 d5 18. Nd2 Rae8 19. f5 Bf7 20. Qg4 h5 21. Qh4 Qd6+ 22. Kh1 Qxb4 23. Bxf6 gxf6 24. Bf3 Qxd2 25. Bxh5 Bxh5 26. Qxh5 Qg5 27. Rg1 Bxg1 28. Rxg1 Qxg1+ 29. Kxg1 Rf7 30. Kf2 Ref8 31. Qf3 dxe4 32. Qxe4 c6 33. Qe6 Kg7 34. Qe4 Rh8 35. h4 Kf8 36. Qb4 b5 37. axb5 axb5 38. Qf4 Rh5 39. Qd6 Rxf5+ 40. Ke2 Rh7 41. Qd4 Kf7 42. c4 c5 43. Qg4 b4 44. d4 cxd4 45. Qxd4 Rfh5 46. c5 Rxh4 47. Qd7 Rc4 48. Qb5 Rhh4 49. Kd3 Rc3+ 50. Kd2 Rhc4 51. c6 Nxc6 52. Qh5+ Ke6 53. Qe8+ Ne7 0-1

[Event "ESP-ch U12 Rapid"]
[Site "Salobrena"]
[Date "2022.07.17"]
[Round "9"]
[White "Bejar Dyagilev, Nikolay"]
[Black "Najar Arrieta, Oriol"]
[Result "0-1"]
[WhiteElo "1269"]
[BlackElo "1459"]
[PlyCount "104"]
[EventDate "2022.07.09"]
[EventType "swiss (rapid)"]
[EventRounds "9"]
[EventCountry "ESP"]
[SourceTitle "EXT 2023"]
[Source "ChessBase"]
[SourceDate "2022.10.05"]
[SourceVersion "1"]
[SourceVersionDate "2022.10.05"]
[SourceQuality "1"]

1. e4 c5 2. Nc3 Nc6 3. f4 g6 4. Nf3 Bg7 5. Bb5 d6 6. 0-0 Nf6 7. Bxc6+ bxc6 8. d3 0-0 9. Qe1 d5 10. Qh4 e6 11. Ng5 h6 12. Nf3 Nd7 13. Qh3 Nb6 14. f5 exf5 15. exf5 Bxf5 16. Qg3 c4 17. Rd1 cxd3 18. cxd3 Re8 19. Bd2 d4 20. Nb1 Nd5 21. Bf4 Ne3 22. Bxe3 dxe3 23. Ne1 Qd7 24. Nc3 Rad8 25. d4 Bxd4 26. Kh1 Qe6 27. Nf3 Bxc3 28. bxc3 Rxd1+ 29. Rxd1 e2 30. Re1 c5 31. h3 Qc4 32. Rc1 Qxa2 33. Kh2 Qb2 34. Re1 Qxc3 35. Rg1 Be4 36. Re1 Bxf3 37. gxf3 Qd2 38. Kg1 c4 39. Kf2 Qd4+ 40. Kg2 Qe3 41. Qf2 c3 42. Qxe3 Rxe3 43. Kf2 Re8 44. h4 c2 45. f4 c1Q 46. Rxc1 e1Q+ 47. Rxe1 Rxe1 48. Kxe1 Kg7 49. Kf2 Kf6 50. Kg3 Kf5 51. Kf3 h5 52. Kg3 Ke4 0-1

[Event "ESP-ch U12 Rapid"]
[Site "Salobrena"]
[Date "2022.07.17"]
[Round "6"]
[White "Marsal Calvet, Josep"]
[Black "Bejar Dyagilev, Nikolay"]
[Result "1-0"]
[WhiteElo "1389"]
[BlackElo "1269"]
[PlyCount "57"]
[EventDate "2022.07.09"]
[EventType "swiss (rapid)"]
[EventRounds "9"]
[EventCountry "ESP"]
[SourceTitle "EXT 2023"]
[Source "ChessBase"]
[SourceDate "2022.10.05"]
[SourceVersion "1"]
[SourceVersionDate "2022.10.05"]
[SourceQuality "1"]

1. d4 d5 2. c4 e6 3. Nc3 c6 4. e4 Nf6 5. cxd5 cxd5 6. e5 Nfd7 7. f4 Nc6 8. Nf3 f6 9. Bb5 Be7 10. 0-0 0-0 11. Be3 a6 12. Bxc6 bxc6 13. Kh1 c5 14. dxc5 Nxc5 15. Bxc5 Bxc5 16. Nd4 Bd7 17. a3 Qb6 18. Nb3 Ba4 19. Nxa4 Qc6 20. Naxc5 Rab8 21. Rc1 Qa8 22. Nxe6 Rf7 23. Rc7 Rb7 24. Qxd5 Kh8 25. Rxb7 Rxb7 26. Rd1 Rb8 27. Qxa8 Rxa8 28. Rd8+ Rxd8 29. Nxd8 1-0

[Event "ESP-ch U12"]
[Site "Salobrena"]
[Date "2022.07.11"]
[Round "1"]
[White "Bejar Dyagilev, Nikolay"]
[Black "Marin Ferragut, Pau"]
[Result "0-1"]
[WhiteElo "1286"]
[BlackElo "2155"]
[PlyCount "62"]
[EventDate "2022.07.04"]
[EventType "swiss"]
[EventRounds "9"]
[EventCountry "ESP"]
[SourceTitle "EXT 2023"]
[Source "ChessBase"]
[SourceDate "2022.10.05"]
[SourceVersion "1"]
[SourceVersionDate "2022.10.05"]
[SourceQuality "1"]

1. e4 c5 2. Nc3 Nc6 3. f4 g6 4. Nf3 Bg7 5. Bb5 Nd4 6. 0-0 Nxb5 7. Nxb5 d5 8. exd5 a6 9. Nc3 Nf6 10. d4 Nxd5 11. Nxd5 Qxd5 12. c3 0-0 13. Be3 c4 14. Nd2 Bf5 15. b3 cxb3 16. Qxb3 Qd7 17. Nc4 Qc7 18. Ne5 Rad8 19. c4 f6 20. c5+ e6 21. g4 fxe5 22. gxf5 exd4 23. Qxe6+ Kh8 24. Bf2 Rxf5 25. Rae1 Rdf8 26. Qc4 Rxc5 27. Qd3 Rc3 28. Qd1 d3 29. Be3 Qd7 30. Rf3 d2 31. Re2 Rc1 0-1